000 04385cam a22013094i 4500
001 u53357
003 PE-LiUPU
005 20250813185634.0
008 150706s2012 pe a r 000 0 spa d
020 _a9786124118340
035 _a(Sirsi) i9786124118340
040 _aPE-LiUPU
_bspa
_cPE-LiUPU
_erda
049 _aPRUA
082 0 4 _a343.8
_bA65
_221
100 1 _aArancibia Cueva, Miguel,
_eautor.
245 1 0 _aManual del código tributario y de la ley penal tributaria /
_cMiguel Arancibia Cueva.
264 1 _aLima :
_bInstituto Pacífico,
_c2012.
300 _a754 páginas :
_bilustraciones ;
_c25 cm.
336 _atext
_2rdacontent
337 _aunmediated
_2rdamedia
338 _avolume
_2rdacarrier
505 0 _aPrincipios constitucionales en materia tributaria -- Código tributario -- La obligación tributaria -- La administración tributaria y los administrados -- Procedimiento tributario -- Ley penal tributaria: comentarios y casos jurisprudenciales -- Jurisprudencia sectorial y modelos de escritos.
526 _aP202
526 _aP201
526 _aP163
526 _aP162
526 _aP161
526 _aP160
526 _aP148
526 _aP147
526 _aP146
526 _aP145
526 _aP144
526 _aP143
526 _aP142
526 _aP141
526 _aP140
526 _aP139
526 _aP138
526 _aP137
526 _aP136
526 _aP135
526 _aP134
526 _aP133
526 _aP129
526 _aP128
526 _aP127
526 _aP120
526 _aP119
526 _aP118
526 _aP116
526 _aP115
526 _aP114
526 _aP110
526 _aP109
526 _aP108
526 _aP104
526 _aP103
526 _aP102
526 _aP99
526 _aP98
526 _aP97
526 _aP96
526 _aP95
526 _aP93
526 _aP90
526 _aP89
526 _aP88
526 _aP83
526 _aP82
526 _aP62
526 _aP59
526 _aP58
526 _aP57
526 _aP51
526 _aP49
526 _aP48
526 _aP47
526 _aP29
526 _aP24
526 _aP20
526 _aP19
526 _aP17
526 _aP15
526 _aP14
526 _aP12
526 _aP10
526 _aP09
526 _aP08
526 _aP07
526 _aP06
526 _aP05
526 _aP04
526 _aP01
541 _g001-000078;
541 _g001-000078;
596 _a1 2
610 2 _aCódigo Trbutario
_zPerú
_y1999.
650 0 4 _aDerecho triburario
_xJurisprudencia
_zPerú.
910 _agl
_cbd
_d20131031
942 _2ddc
_cBOOK
994 _aC0
_bPEPRU
949 _a343 A65 2012
_wDEWEY
_c1
_iFT02593
_d2018-4-3
_e2018-3-28
_lCCODEBUT1
_mBUT
_n1
_p56.00
_r0
_sY
_tBOOK
_u2015-12-23
_xFCE
_PP08
_0COMPRA
_o.STAFF. Colección General
949 _a343.8 A65
_wDEWEY
_c1
_i68861
_d2017-5-29
_e2017-5-28
_f2018-2-12
_g3
_lCCODEBUL1
_mBUL
_n21
_p54.00
_r0
_sY
_tBOOK
_u2015-7-6
_xFCE
_PP08
_0COMPRA
_o.STAFF. Colección General
949 _a343.8 A65
_wDEWEY
_c2
_i68862
_d2017-9-20
_e2017-9-19
_f2018-2-12
_g3
_lCCODEBUL1
_mBUL
_n9
_p54.00
_r0
_sY
_tBOOK
_u2015-7-6
_xFCE
_PP08
_0COMPRA
_o.STAFF. Colección General
949 _a343.8 A65
_wDEWEY
_c3
_i70036
_d2018-5-3
_e2017-11-8
_f2018-2-12
_g3
_lCCODEBUL1
_mBUL
_n19
_p39.00
_q3
_r0
_sY
_tBOOK
_u2015-7-24
_xFCE
_PP08
_0COMPRA
_o.STAFF. Colección General
999 _a343.8 A65
_wDEWEY
_c56062
_i68861
_d56062
_e2017-5-28
_f2021-11-5
_g6
_lCCODEBUL1
_mBUL
_n21
_p54.00
_r0
_sY
_tBOOK
_u2015-7-6
_xFCE
_PP08
_0COMPRA
_o.STAFF. Colección General
999 _a343.8 A65
_wDEWEY
_c2
_i68862
_d2017-9-20
_e2017-9-19
_f2021-11-5
_g6
_lCCODEBUL1
_mBUL
_n9
_p54.00
_r0
_sY
_tBOOK
_u2015-7-6
_xFCE
_PP08
_0COMPRA
_o.STAFF. Colección General
999 _a343.8 A65
_wDEWEY
_c3
_i70036
_d2018-5-3
_e2017-11-8
_f2021-11-5
_g6
_lCCODEBUL1
_mBUL
_n19
_p39.00
_q3
_r0
_sY
_tBOOK
_u2015-7-24
_xFCE
_PP08
_0COMPRA
_o.STAFF. Colección General
999 _a343 A65 2012
_wDEWEY
_c1
_iFT02593
_d2018-4-3
_e2018-3-28
_f2019-2-20
_g1
_lCCODEBUT1
_mBUT
_n1
_p56.00
_r0
_sY
_tBOOK
_u2015-12-23
_xFCE
_PP08
_0COMPRA
_o.STAFF. Colección General
980 _81
_gALBERTO SANCHEZ Responsable de Automatización